[Event "Panevezys op-B"]
[Site "Panevezys"]
[Date "2008.08.15"]
[Round "5"]
[White "Adomavicius, Aurimas"]
[Black "Buivys, Martynas"]
[Result "1/2-1/2"]
[WhiteElo "1681"]
[BlackElo "1794"]
[PlyCount "40"]
[EventDate "2008.08.12"]
[EventType "swiss"]
[EventRounds "7"]
[EventCountry "LTU"]
[SourceTitle "CBM 125 Extra"]
[Source "ChessBase"]
[SourceDate "2008.09.01"]
[SourceVersion "1"]
[SourceVersionDate "2008.09.01"]
[SourceQuality "1"]

1. d4 Nf6 2. c4 g6 3. Nc3 Bg7 4. e4 e6 5. f3 0-0 6. Bd3 e5 7. d5 Nh5 8. Nge2 f5 9. Be3 f4 10. Bf2 g5 11. Nc1 Nf6 12. Be2 h5 13. Nd3 Rf7 14. Qc2 a5 15. 0-0-0 Na6 16. b3 Bf8 17. Rdg1 Nb4 18. Qb1 Nxd3+ 19. Qxd3 Rg7 20. g4 h4 1/2-1/2

[Event "Kaunas Taure"]
[Site "Kaunas"]
[Date "2008.07.27"]
[Round "4.15"]
[White "Zebelis, Rimantas"]
[Black "Buivys, Martynas"]
[Result "1/2-1/2"]
[WhiteElo "1994"]
[BlackElo "1794"]
[PlyCount "153"]
[EventDate "2008.07.24"]
[EventType "swiss"]
[EventRounds "9"]
[EventCountry "LTU"]
[SourceTitle "EXT 2024"]
[Source "ChessBase"]
[SourceDate "2023.10.10"]
[SourceVersion "1"]
[SourceVersionDate "2023.10.10"]
[SourceQuality "1"]

1. d4 Nf6 2. Nf3 g6 3. c4 Bg7 4. g3 0-0 5. Nc3 d6 6. Bg2 c6 7. e4 e5 8. 0-0 Qe7 9. h3 Nbd7 10. Be3 Ne8 11. Qd2 f5 12. Bh6 f4 13. Bxg7 Qxg7 14. gxf4 Rxf4 15. d5 c5 16. Ng5 Nf8 17. Ne2 Qf6 18. Ne6 Nxe6 19. dxe6 Rh4 20. f4 Bxe6 21. f5 gxf5 22. exf5 Bxc4 23. Rf3 Kh8 24. Rg3 Qh6 25. Qc2 Bxe2 26. Qxe2 Qf4 27. Rf3 Qd4+ 28. Kh1 Rf4 29. Rd1 Qa4 30. b3 Qe4 31. Qxe4 Rxe4 32. f6 Nc7 33. Rxd6 Rd4 34. Rd3 Nb5 35. Rd7 Rf8 36. R3xd4 exd4 37. Rxb7 d3 38. Rxb5 d2 39. Bf3 Rxf6 40. Rb8+ Kg7 41. Rb7+ Kh6 42. Bg4 d1Q+ 43. Bxd1 Rf1+ 44. Kg2 Rxd1 45. Rxa7 Rd3 46. Ra5 Rc3 47. Rb5 c4 48. Rc5 Rc2+ 49. Kg3 cxb3 50. Rb5 Rc3+ 51. Kg4 Rc4+ 52. Kg3 Rc3+ 53. Kg4 bxa2 54. Ra5 Rc4+ 55. Kg3 Rc3+ 56. Kg4 Rc2 57. Ra6+ Kg7 58. Kg5 Kf7 59. h4 Rc5+ 60. Kf4 Rc2 61. Kf5 Rg2 62. Ra7+ Ke8 63. h5 Kd8 64. Ke4 Kc8 65. Kf3 Rc2 66. Kg4 Kb8 67. Ra3 Rg2+ 68. Kf3 Rc2 69. Kg4 Kb7 70. Kg5 Kb6 71. Kh6 Rh2 72. Kg7 Rxh5 73. Rxa2 Rh1 74. Rc2 h5 75. Kg6 h4 76. Kg5 h3 77. Kg4 1/2-1/2

[Event "Kaunas Taure"]
[Site "Kaunas"]
[Date "2008.07.25"]
[Round "2.13"]
[White "Stasans, Aivars"]
[Black "Buivys, Martynas"]
[Result "1-0"]
[WhiteElo "2240"]
[BlackElo "1794"]
[PlyCount "51"]
[EventDate "2008.07.24"]
[EventType "swiss"]
[EventRounds "9"]
[EventCountry "LTU"]
[SourceTitle "EXT 2024"]
[Source "ChessBase"]
[SourceDate "2023.10.10"]
[SourceVersion "1"]
[SourceVersionDate "2023.10.10"]
[SourceQuality "1"]

1. e4 c5 2. Nf3 Nc6 3. Nc3 e5 4. Bc4 Be7 5. d3 Nf6 6. Nd2 0-0 7. Nf1 d6 8. Ne3 Ne8 9. Ncd5 Bg5 10. a3 Bxe3 11. Bxe3 Kh8 12. 0-0 Nc7 13. Nxc7 Qxc7 14. f4 f5 15. Qh5 g6 16. Qh4 Qd8 17. Qh6 Nd4 18. fxe5 dxe5 19. c3 Ne2+ 20. Kh1 f4 21. Bxc5 Re8 22. Rae1 Bg4 23. d4 Ng3+ 24. hxg3 Bh5 25. dxe5 fxg3 26. Qf4 1-0

[Event "LTU-ch U18"]
[Site "Panevezys"]
[Date "2008.03.07"]
[Round "2"]
[White "Buivys, Martynas"]
[Black "Silkus, Algirdas"]
[Result "1/2-1/2"]
[WhiteElo "1807"]
[BlackElo "1913"]
[PlyCount "83"]
[EventDate "2008.03.06"]
[EventType "swiss"]
[EventRounds "6"]
[EventCountry "LTU"]
[SourceTitle "EXT 2022"]
[Source "ChessBase"]
[SourceDate "2021.10.06"]
[SourceVersion "1"]
[SourceVersionDate "2021.10.06"]
[SourceQuality "1"]

1. e4 c5 2. Nf3 Nc6 3. d4 cxd4 4. Nxd4 Nf6 5. Nc3 e5 6. Ndb5 d6 7. Bg5 a6 8. Na3 b5 9. Nd5 Be7 10. Bxf6 Bxf6 11. c3 0-0 12. Nc2 Bg5 13. a4 Rb8 14. axb5 axb5 15. Bd3 Be6 16. Qe2 Bxd5 17. exd5 Ne7 18. Nb4 f5 19. h4 Bf6 20. Bxb5 Qb6 21. Bd7 Ra8 22. Ra6 Rxa6 23. Qxa6 Qxa6 24. Nxa6 Ra8 25. Bb5 Nxd5 26. Bc4 Kf8 27. Bxd5 Rxa6 28. Kd2 Ra4 29. b4 e4 30. h5 Ra3 31. Rh3 e3+ 32. fxe3 Bxc3+ 33. Ke2 Bxb4 34. e4 Rxh3 35. gxh3 f4 36. Be6 Ke7 37. Bf5 h6 38. Kd3 Kf6 39. Bg4 Kg5 40. Ke2 Kh4 41. Kf3 Bd2 42. Kg2 1/2-1/2

[Event "Panevezys op 20th"]
[Site "Panevezys"]
[Date "2007.08.22"]
[Round "6"]
[White "Novikovas, Anatolijus"]
[Black "Buivys, Martynas"]
[Result "1/2-1/2"]
[WhiteElo "1887"]
[BlackElo "1788"]
[PlyCount "56"]
[EventDate "2007.08.18"]
[EventType "swiss"]
[EventRounds "9"]
[EventCountry "LTU"]
[SourceTitle "CBM 119 Extra"]
[Source "ChessBase"]
[SourceDate "2007.09.04"]
[SourceVersion "1"]
[SourceVersionDate "2007.09.04"]
[SourceQuality "1"]

1. e4 c5 2. Nf3 Nc6 3. c3 d5 4. exd5 Qxd5 5. d4 Bg4 6. Be2 Nf6 7. h3 Bh5 8. c4 Qd8 9. d5 Bxf3 10. Bxf3 Ne5 11. Be2 Qd7 12. 0-0 e6 13. f4 Ng6 14. dxe6 fxe6 15. Qxd7+ Kxd7 16. Bf3 Kc7 17. Nc3 a6 18. Be3 Rd8 19. Rad1 Bd6 20. Ne2 Nh4 21. Bg4 Nf5 22. Bxf5 exf5 23. Nc3 Rhe8 24. Rfe1 g6 25. a3 Kc6 26. g3 Ne4 27. Nxe4 Rxe4 28. b3 Rde8 1/2-1/2

[Event "Kaunas op"]
[Site "Kaunas"]
[Date "2007.08.07"]
[Round "1"]
[White "Kaunas, Kestutis"]
[Black "Buivys, Martynas"]
[Result "1-0"]
[WhiteElo "2273"]
[BlackElo "1788"]
[PlyCount "37"]
[EventDate "2007.08.07"]
[EventType "swiss"]
[EventRounds "9"]
[EventCountry "LTU"]
[SourceTitle "CBM 119 Extra"]
[Source "ChessBase"]
[SourceDate "2007.09.04"]
[SourceVersion "1"]
[SourceVersionDate "2007.09.04"]
[SourceQuality "1"]

1. d4 Nf6 2. c4 g6 3. Nc3 Bg7 4. Bf4 0-0 5. e3 d6 6. Nf3 Nbd7 7. h3 c6 8. Be2 Qa5 9. 0-0 e5 10. Bh2 Ne8 11. a3 f5 12. b4 Qc7 13. c5 d5 14. dxe5 Nxe5 15. Bxe5 Bxe5 16. Nxd5 Qb8 17. Ne7+ Kg7 18. Nxc8 Bxa1 19. Qxa1+ 1-0

[Event "Baltija Cup op 4th"]
[Site "Palanga"]
[Date "2007.06.20"]
[Round "8"]
[White "Panzhina, Jekaterina"]
[Black "Buivys, Martynas"]
[Result "1/2-1/2"]
[WhiteElo "1929"]
[BlackElo "1816"]
[PlyCount "21"]
[EventDate "2007.06.16"]
[EventType "swiss"]
[EventRounds "8"]
[EventCountry "LTU"]
[SourceTitle "EXT 2022"]
[Source "ChessBase"]
[SourceDate "2021.10.06"]
[SourceVersion "1"]
[SourceVersionDate "2021.10.06"]
[SourceQuality "1"]

1. d4 Nf6 2. Nf3 g6 3. c4 Bg7 4. Nc3 0-0 5. e4 d6 6. Bg5 Nbd7 7. h3 c6 8. g4 e5 9. d5 c5 10. Nd2 a6 11. a3 1/2-1/2